000 00529nam a2200193Ia 4500
005 20250508150512.0
008 008 250505s9999 xx 000 0 eng d
037 _aTextual
040 _aFEDL
_beng
_cFEDL
041 _aeng
_2eng
084 _a155.5, KEL
_qFEDL
100 _aKeliher Alice V.
_9756837
245 0 _aLife and Growth
260 _aNew York, USA
_bD. Appleton-Century Company
_c1941
300 _ax,245p
650 _aChild psychology
942 _cTEXL
_h155.5, KEL
999 _c1323936
_d1323936